00320nam a2200133Ia 4500008004100000020001500041041001200056082001100068100001400079245004200093260002700135300000800162650001600170221030s9999 xx 000 0 und d a0100114030 aEnglish a105.23 aR. Jindal 0aData Structures Using Ccby R. Jindal bUmesh PubaDelhic2007 a348 aBE Computer